Economics of cropping pattern in Madurai district (Record no. 13137)
[ view plain ]
| 000 -LEADER | |
|---|---|
| fixed length control field | 00378nam a2200133Ia 4500 |
| 082 ## - DEWEY DECIMAL CLASSIFICATION NUMBER | |
| Classification number | TM.0190 |
| 100 ## - MAIN ENTRY--AUTHOR NAME | |
| Personal name | Manonmoney, N. |
| 245 #0 - TITLE STATEMENT | |
| Title | Economics of cropping pattern in Madurai district |
| 260 ## - PUBLICATION, DISTRIBUTION, ETC. (IMPRINT) | |
| Year of publication | 1986 |
| Name of publisher | Madurai Kamaraj University |
| 300 ## - PHYSICAL DESCRIPTION | |
| Number of Pages | 357p. |
| 650 ## - SUBJECT ADDED ENTRY--TOPICAL TERM | |
| Topical Term | CROPPING SYSTEMS - TAMIL NADU - MADURAI DISTRICT |
| 710 ## - ADDED ENTRY--CORPORATE NAME | |
| Corporate name or jurisdiction name as entry element | Valuthi Varguna Singh, T. |
| 942 ## - ADDED ENTRY ELEMENTS (KOHA) | |
| Koha item type | Thesis |
| Source of classification or shelving scheme | Dewey Decimal Classification |
| Withdrawn status | Lost status | Damaged status | Not for loan | Home library | Current library | Date acquired | Bill Date | Full call number | Accession Number | Price effective from | Koha item type |
|---|---|---|---|---|---|---|---|---|---|---|---|
| NASSDOC Library | NASSDOC Library | 08/10/2004 | 2004-10-22 | TM.0190 | 24486 | 18/04/2019 | Thesis |
